Sports Quiz

Random Sports or Olympics Quiz

2012 Olympic Nations Quiz Stats

 Plays Quiz Updated Aug 14, 2019

Support Sporcle.
Go Orange.
Score 0/205 Timer 12:00
7 Plays Today
# of Athletes Country % Correct
542United States of America
98.4%
389China
95.5%
558Great Britain
95.4%
455Russian Federation
94.2%
218Canada
91.4%
341France
91.1%
403Germany
90.8%
305Japan
90.4%
271Brazil
89%
417Australia
88.4%
107Mexico
88.3%
297Spain
87.8%
292Italy
86.2%
142Argentina
83.9%
144Sweden
83.7%
261South Korea
82.7%
84India
82.6%
134South Africa
82.1%
66Norway
80.5%
80Portugal
80.4%
60Finland
79.5%
50Jamaica
79.5%
197New Zealand
79.4%
56North Korea
79.2%
56Iran
78.8%
35Chile
78.2%
119Egypt
78.2%
8Iraq
78.2%
65Ireland
77.5%
107Greece
77.4%
116Denmark
76.4%
222Poland
76.2%
182Netherlands
75.5%
117Turkey
73.8%
106Switzerland
73.3%
143Cuba
72.9%
70Austria
72.6%
16Peru
71.8%
51Kenya
71.3%
27Iceland
70.9%
23Pakistan
70.7%
120Belgium
70.6%
38Israel
69.3%
239Ukraine
69%
156Hungary
68.8%
33Uruguay
68.7%
19Saudi Arabia
68.5%
6Niger
68.5%
109Colombia
68.3%
133Czech Republic
68.1%
8Paraguay
68%
53Nigeria
66.6%
6Afghanistan
66.4%
73Morocco
65.5%
22Indonesia
65.4%
105Romania
65.1%
66Lithuania
65.1%
18Vietnam
65%
46Latvia
64.7%
70Venezuela
64.4%
46Slovakia
64.2%
35Ethiopia
63.7%
8Panama
62.9%
37Thailand
62.1%
29Mongolia
61.7%
6Sudan
61.7%
35Estonia
61.4%
119Serbia
61.3%
112Croatia
60.7%
# of Athletes Country % Correct
5Haiti
60.5%
174Belarus
60.3%
42Algeria
60.2%
10Luxembourg
60%
69Slovenia
59.9%
6Bolivia
59.5%
31Honduras
59.5%
3Laos
59.4%
4Libya
59.1%
118Kazakhstan
58.8%
36Ecuador
58.3%
4Yemen
58.2%
2Dominica
58.1%
35Dominican Republic
57.7%
26Bahamas
57.5%
7Republic of the Congo
57.5%
30United Arab Emirates
57.5%
3Chad
57.4%
63Bulgaria
57.3%
10Syria
57.2%
4Oman
57%
35Georgia
56.1%
9Jordan
56.1%
11Costa Rica
56%
7Madagascar
55.5%
6Andorra
54.9%
54Uzbekistan
54.9%
7Zimbabwe
54.7%
5Nepal
54.7%
30Malaysia
54.7%
12Qatar
54.7%
31Trinidad & Tobago
54.6%
8Ghana
54.5%
44Taiwan
54.4%
6Cambodia
54.3%
19Guatemala
53.7%
9Fiji
53.6%
10Albania
53.6%
88Tunisia
53.4%
6Monaco
53.3%
3Belize
53.3%
10Côte d'Ivoire
52.5%
11Philippines
51.8%
2Somalia
51.7%
13Cyprus
51.5%
6Nicaragua
51.5%
10El Salvador
51.4%
10Turkmenistan
51.4%
6Guyana
50.9%
36Montenegro
50%
5Bangladesh
49.4%
4Macedonia
49.1%
3Liechtenstein
49%
10Lebanon
49%
10Kuwait
48.8%
6Mali
48.6%
6Bosnia & Herzegovina
48.4%
5Malta
48.4%
37Cameroon
48.3%
5Suriname
48.3%
4Democratic Republic of the Congo
48.2%
7Sri Lanka
48.2%
4San Marino
48.1%
54Azerbaijan
47.7%
23Singapore
47.7%
16Uganda
47.2%
4Guinea
47.2%
7Zambia
47.1%
6Togo
46.9%
# of Athletes Country % Correct
7Rwanda
46.7%
25Armenia
46.4%
35Angola
46%
4Lesotho
45.4%
6Barbados
45.4%
16Tajikistan
44.8%
22Moldova
44.6%
4Liberia
44%
7Tanzania
43.6%
8Samoa
43.4%
6Central African Republic
43.2%
7St. Kitts and Nevis
43.2%
37Senegal
43%
4Botswana
43%
8Papua New Guinea
42.9%
6Myanmar
42.4%
10Grenada
42.1%
2Bhutan
42.1%
9Namibia
41.8%
12Eritrea
41.6%
3Swaziland
41.6%
12Bahrain
41.4%
14Kyrgyzstan
41.1%
6Mozambique
41%
6Djibouti
40%
3Tonga
39.3%
6Seychelles
38.1%
5Benin
38%
4Marshall Islands
37.6%
4St. Lucia
37.4%
2Mauritania
36.9%
2The Gambia
36.8%
5Maldives
36.3%
4Guinea-Bissau
36.1%
3Malawi
35.8%
5Vanuatu
35.7%
6Micronesia
35.5%
2Equatorial Guinea
35.4%
11Mauritius
35.3%
3Brunei
35.1%
28Gabon
35%
3Tuvalu
34.8%
25Puerto Rico
34.7%
3St. Vincent and the Grenadines
34.6%
5Palau
34.3%
4Solomon Islands
34.3%
4Antigua & Barbuda
34.3%
2Sierra Leone
34%
6Burundi
33.8%
2Nauru
33.6%
5Palestine
32.8%
5Burkina Faso
32.6%
3Comoros
32.2%
2Timor-Leste
31.8%
3Kiribati
31.7%
3Cabo Verde
31.5%
42Hong Kong, China
30.1%
2São Tomé and Príncipe
27.5%
8Bermuda
26.9%
8Guam
24.5%
7US Virgin Islands
23.7%
2British Virgin Islands
23.6%
4Aruba
19.4%
5American Samoa
17%
4Independent Olympic Athletes
14.6%
5Cayman Islands
13.5%
8Cook Islands
13.1%

You're not logged in!

Compare scores with friends on all Sporcle quizzes.
OR
Log In

From the Vault

Close-Up 'E' Images

by Chenchilla

These images are 'E'-xtreme!!!
Remove Ads.
Support Sporcle.
Get the best of Sporcle when you Go Orange. This ad-free experience offers more features, more stats, and more fun while also helping to support Sporcle. Thank you for becoming a member.

Show Comments

Extras

Top Quizzes Today


Score Distribution

Your Account Isn't Verified!

In order to create a playlist on Sporcle, you need to verify the email address you used during registration. Go to your Sporcle Settings to finish the process.

Report this User

Report this user for behavior that violates our Community Guidelines.

Details: